<?xml version="1.0" encoding="UTF-8"?>
<record
    xmlns:xsi="http://www.w3.org/2001/XMLSchema-instance"
    xsi:schemaLocation="http://www.loc.gov/MARC21/slim http://www.loc.gov/standards/marcxml/schema/MARC21slim.xsd"
    xmlns="http://www.loc.gov/MARC21/slim">

  <leader>00822nam a22002417a 4500</leader>
  <controlfield tag="005">20251104105124.0</controlfield>
  <controlfield tag="008">251017b        |||||||| |||| 00| 0 eng d</controlfield>
  <datafield tag="017" ind1=" " ind2=" ">
    <subfield code="a">LD.2516</subfield>
  </datafield>
  <datafield tag="018" ind1=" " ind2=" ">
    <subfield code="a">2025</subfield>
  </datafield>
  <datafield tag="020" ind1=" " ind2=" ">
    <subfield code="a">9789788557715</subfield>
  </datafield>
  <datafield tag="040" ind1=" " ind2=" ">
    <subfield code="a">NLN</subfield>
    <subfield code="b">English </subfield>
    <subfield code="e">AACR2 </subfield>
  </datafield>
  <datafield tag="050" ind1=" " ind2=" ">
    <subfield code="a">DT515.83.A471</subfield>
    <subfield code="b">A3</subfield>
  </datafield>
  <datafield tag="082" ind1=" " ind2=" ">
    <subfield code="a">923.7</subfield>
  </datafield>
  <datafield tag="100" ind1=" " ind2=" ">
    <subfield code="a">ALUTU, Azuka N.</subfield>
    <subfield code="e">aut </subfield>
    <subfield code="9">68080</subfield>
  </datafield>
  <datafield tag="245" ind1=" " ind2=" ">
    <subfield code="a">Reflection on my life 's journey :</subfield>
    <subfield code="b">a vasedictory message / </subfield>
    <subfield code="c">Azuka Ngozi Grace Alutu</subfield>
  </datafield>
  <datafield tag="260" ind1=" " ind2=" ">
    <subfield code="a">Benin, Edo State (No 22 Benin Technical College Road Ugbowo P .O . BOX 5087) :</subfield>
    <subfield code="b">Mindex Publishing Company,</subfield>
    <subfield code="c">2024</subfield>
  </datafield>
  <datafield tag="300" ind1=" " ind2=" ">
    <subfield code="a">xix, 124p. :</subfield>
    <subfield code="b">ill. , ports. col. ; 23cm.</subfield>
  </datafield>
  <datafield tag="563" ind1=" " ind2=" ">
    <subfield code="a">(pbk)</subfield>
  </datafield>
  <datafield tag="650" ind1=" " ind2=" ">
    <subfield code="a">Alutu, Azuka Ngozi Grace</subfield>
    <subfield code="9">68081</subfield>
  </datafield>
  <datafield tag="650" ind1=" " ind2=" ">
    <subfield code="a">College teachers</subfield>
    <subfield code="v">Nigeria </subfield>
    <subfield code="x">Biography </subfield>
    <subfield code="9">68163</subfield>
  </datafield>
  <datafield tag="650" ind1=" " ind2=" ">
    <subfield code="a">Life </subfield>
    <subfield code="9">18801</subfield>
  </datafield>
  <datafield tag="942" ind1=" " ind2=" ">
    <subfield code="c">BK</subfield>
    <subfield code="n">0</subfield>
  </datafield>
  <datafield tag="999" ind1=" " ind2=" ">
    <subfield code="c">33441</subfield>
    <subfield code="d">33441</subfield>
  </datafield>
  <datafield tag="952" ind1=" " ind2=" ">
    <subfield code="0">0</subfield>
    <subfield code="1">0</subfield>
    <subfield code="2">lcc</subfield>
    <subfield code="4">0</subfield>
    <subfield code="7">0</subfield>
    <subfield code="a">ABJ</subfield>
    <subfield code="b">MAIN</subfield>
    <subfield code="d">2025-10-17</subfield>
    <subfield code="e">Legal deposit</subfield>
    <subfield code="i">456506</subfield>
    <subfield code="l">0</subfield>
    <subfield code="o">DT515.83.A471 A3</subfield>
    <subfield code="p">456506</subfield>
    <subfield code="r">2025-10-17 17:16:58</subfield>
    <subfield code="t">1</subfield>
    <subfield code="w">2025-10-17</subfield>
    <subfield code="y">BK</subfield>
  </datafield>
  <datafield tag="952" ind1=" " ind2=" ">
    <subfield code="0">0</subfield>
    <subfield code="1">0</subfield>
    <subfield code="2">lcc</subfield>
    <subfield code="4">0</subfield>
    <subfield code="7">0</subfield>
    <subfield code="a">EDO</subfield>
    <subfield code="b">MAIN</subfield>
    <subfield code="d">2025-10-17</subfield>
    <subfield code="e">Legal deposit</subfield>
    <subfield code="i">459505</subfield>
    <subfield code="l">0</subfield>
    <subfield code="o">DT515.83.A471 A3</subfield>
    <subfield code="p">459505</subfield>
    <subfield code="r">2025-10-17 17:18:18</subfield>
    <subfield code="t">1</subfield>
    <subfield code="w">2025-10-17</subfield>
    <subfield code="y">BK</subfield>
  </datafield>
  <datafield tag="952" ind1=" " ind2=" ">
    <subfield code="0">0</subfield>
    <subfield code="1">0</subfield>
    <subfield code="2">lcc</subfield>
    <subfield code="4">0</subfield>
    <subfield code="7">0</subfield>
    <subfield code="a">DUT</subfield>
    <subfield code="b">MAIN</subfield>
    <subfield code="d">2025-10-17</subfield>
    <subfield code="e">Legal deposit</subfield>
    <subfield code="i">459507</subfield>
    <subfield code="l">0</subfield>
    <subfield code="o">DT515.83.A471 A3</subfield>
    <subfield code="p">459507</subfield>
    <subfield code="r">2025-10-17 17:19:23</subfield>
    <subfield code="t">1</subfield>
    <subfield code="w">2025-10-17</subfield>
    <subfield code="y">BK</subfield>
  </datafield>
</record>
